Microbiology practical manual (Record no. 3914)

MARC details
000 -LEADER
fixed length control field 00414nam a22001577a 4500
008 - FIXED-LENGTH DATA ELEMENTS--GENERAL INFORMATION
fixed length control field 250620b |||||||| |||| 00| 0 eng d
020 ## - INTERNATIONAL STANDARD BOOK NUMBER
ISBN 9789354667817
100 ## - MAIN ENTRY--AUTHOR
Author Das Shukla
245 ## - TITLE STATEMENT
Title Microbiology practical manual
250 ## - EDITION STATEMENT
Edition statement 3rd
260 ## - PUBLICATION, DISTRIBUTION, ETC. (IMPRINT)
Place of publication New delhi
Name of publisher CBS Publishers & distributor
Date of publication 2024
300 ## - COLLATION
Pagination Xvi,257p.
Other physical details ill.
650 ## - TRACINGS
Main Subject Microbiology-laboratry maunal
942 ## - ADDED ENTRY ELEMENTS (KOHA)
Item type Books
050 ## - LIBRARY OF CONGRESS CALL NUMBER
Classification number QR63
Item number D37
Holdings
Source of classification or shelving scheme Not for loan Permanent location Current location Date acquired Accession No. Full call number Barcode. Koha item type
Library of Congress Classification   Environmental Sciences Library Environmental Sciences Library 06/20/2025 2025/64898-99 QR63.D37 2025-2600 Books